El acoso moral en la relación de trabajo (Registro nro. 158604)
[ vista simple ]
| 000 -LEADER | |
|---|---|
| fixed length control field | 01291ny a22002533n 4500 |
| 008 - FIXED-LENGTH DATA ELEMENTS--GENERAL INFORMATION | |
| fixed length control field | 100324s2007 pe b 000 0 spa |
| 010 ## - LIBRARY OF CONGRESS CONTROL NUMBER | |
| LC control number | 2008445667 |
| 020 ## - INTERNATIONAL STANDARD BOOK NUMBER | |
| International Standard Book Number | 9789972224645 |
| 035 ## - | |
| -- | 4870 |
| 040 ## - CATALOGING SOURCE | |
| Original cataloging agency | DLC |
| Transcribing agency | DLC |
| Modifying agency | vLex |
| 090 ## - | |
| -- | 64 |
| -- | 64 |
| 100 1# - MAIN ENTRY--PERSONAL NAME | |
| Personal name | Blancas Bustamante, Carlos |
| 245 13 - TITLE STATEMENT | |
| Title | El acoso moral en la relación de trabajo |
| Medium | [Recurso electrónico] |
| Statement of responsibility, etc | Carlos Blancas Bustamante |
| 256 ## - | |
| -- | Servicio en línea |
| 260 ## - PUBLICATION, DISTRIBUTION, ETC. (IMPRINT) | |
| Place of publication, distribution, etc | Lima, Perú : |
| Name of publisher, distributor, etc | Palestra Editores, |
| Date of publication, distribution, etc | 2007 |
| 506 1# - RESTRICTIONS ON ACCESS NOTE | |
| Terms governing access | Contenido solo disponible en los productos indicados |
| Authorized users | vLex Global |
| -- | vLex Global (Academic Edition, excluding Law Schools) |
| -- | vLex Global (U.S. Academic Edition, Law Schools) |
| -- | vLex Global (U.S. Academic Edition, excluding Law Schools) |
| -- | vLex Global (Academic Edition, Law Schools) |
| 520 ## - SUMMARY, ETC. | |
| Summary, etc | Se analiza el tema del "mobbing" o acoso moral, que es la conducta hostil a través de tratos abusivos o humillantes hacia los trabajadores, de manera sistemática y continuada. Se desarrolla los motivos y clases de acoso moral |
| 650 04 - SUBJECT ADDED ENTRY--TOPICAL TERM | |
| Topical term or geographic name as entry element | Acoso en el lugar de trabajo |
| General subdivision | Publicaciones periódicas |
| 650 04 - SUBJECT ADDED ENTRY--TOPICAL TERM | |
| Topical term or geographic name as entry element | Trabajo |
| General subdivision | Aspecto psicológico |
| 740 0# - | |
| -- | vLex Libros (Servicios en línea) |
| 856 40 - LOCALIZACIÓN Y ACCESO ELECTRÓNICO | |
| Identificador Uniforme del Recurso (URI/URL) | https://app.vlex.com/#/sources/4870 |
| 942 ## - | |
| -- | RAA |
| 999 ## - | |
| -- | 158604 |
| -- | 158604 |
No hay ítems disponibles.